• 首页
  • 本馆介绍
  • 公告通知
  • 最新文献
  • 馆藏检索
  • 电子资源
  • 读者导购
  • 参考咨询
  • 我的图书馆
  • 登录
  • 详细信息显示
  • 放入我的书架
  • 预约/预借图书
  • 作者相关作品
  • 分类相关作品
  • 丛书相关作品
  • 出版社相关作品

书目信息

  • 表格格式
  • 工作单格式
  • 卡片格式
题名:
白俄罗斯
    
 
作者: 农雪梅 , 李允华 编著
分册:  
出版信息: 北京   社会科学文献出版社  2005
页数: 270页
开本: 21cm
丛书名: 列国志
单 册:
中图分类: K511.4
科图分类:
主题词: 东欧--历史 , 中欧--历史
电子资源:
ISBN: 7-80190-394-3
000 01406nam0 2200409 450
000 01369nam0 2200397 450
000 01333nam0 2200385 450
000 01280nam0 2200373 450
000 01226nam0 2200349 450
000 01244nam0 2200337 450
000 01207nam0 2200325 45
001 TS2006023257
005 20070115103600.81
010    @a7-80190-394-3@dCNY24.00
100    @a20060829d2005 em y0chiy0120 ea
101 0  @achi
102    @aCN@b110000
105    @aab z 000yy
200 1  @a白俄罗斯@ABai E Luo Si@f李允华,农雪梅编著@FLi Yun Hua, Nong Xue Mei Bian Zhu
210    @a北京@c社会科学文献出版社@d2005
215    @a270页@c地图,彩照@d21cm
225 2  @a列国志
300    @a中国社会科学院重大课题 国家“十五”重点出版顶目。
330    @a本书全面介绍白俄罗斯的国土与人民、历史、政治、经济、军事,教育、科学、文艺、卫生,及其对外政策与对外关系等。
410  0 @12001 @a列国志
510 1  @aBelarus@zeng
606 0  @a东欧@x历史
606 0  @a中欧@x历史
607    @a白俄罗斯@x概况
690    @aK511.4@v4
701  0 @a农雪梅@ANong Xue Mei@c(女)@4编著
701  0 @a李允华@ALi Yun Hua@4编著
801  0 @aCN@b中图数据@c20070115
905    @a10447@dK511.4@e42
    
    白俄罗斯/李允华,农雪梅编著.-北京:社会科学文献出版社,2005
    270页:地图,彩照;21cm.-(列国志)
    中国社会科学院重大课题 国家“十五”重点出版顶目。
    
    ISBN 7-80190-394-3:CNY24.00
    本书全面介绍白俄罗斯的国土与人民、历史、政治、经济、军事,教育、科学、文艺、卫生,及其对外政策与对外关系等。
●
相关链接 在E读中查询图书 在五车中查询图书 在当当中查询图书 在豆瓣中查询图书


正题名:白俄罗斯     索取号:K511.4/42         预约/预借

序号 登录号 条形码 馆藏地/架位号 状态 备注
1 0616692   206166922   第二样本阅览室/ [索取号:K511.4/42] 在馆    
2 0616693   206166931   第二借阅区/ [索取号:K511.4/42] 在馆    
3 0616694   206166940   第二借阅区/ [索取号:K511.4/42] 在馆    
4 0616695   206166959   第二借阅区/ [索取号:K511.4/42] 在馆    
5 0616696   206166968   第二借阅区/ [索取号:K511.4/42] 在馆    
唐山师范学院图书馆 欢迎您!
大连网信软件有限公司© 版权所有